000 01022cam a2200313 i 4500
001 000009811
005 20200929161720.0
008 760630s1976 sp af b 001 0 spa
010 _a76467470
015 _aSp***
020 _a847039228X
040 _aDO-SdBNP
_cDLC
_dDLC
082 _a861.64
_bA366s, 1976
100 1 _aAleixandre, Vicente,
_d1898-1984.
_914070
245 1 0 _aSombra del paraiso /
_cVicente Aleixandre ; edicion, introduccion y notas de Leopoldo de Luis.
250 _a3a ed. rev.
260 _aMadrid :
_bEditorial Castalia,
_cc1976.
300 _a206 p., [3] leaves of plates :
_bill. ;
_c18 cm.
490 1 _aClásicos Castalia
_v71
500 _aPoems.
500 _a"Cinco poemas paradisiacos": p. 193-202.
504 _aBibliography: p. 62-79.
500 _aIncludes indexes.
650 4 _aPoesìa española
_9631
650 4 _aLiteratura española
_9632
700 1 _aLuis, Leopoldo de.
_924716
830 0 _aClásicos Castalia ;
_v71
_923367
910 _aCatalogación por copia / LC
999 _c9570
_d9570